| Tag |
First Indicator |
Second Indicator |
Subfields |
| LEADER |
00000nam a22000005i 4500 |
| 001 |
in00004387948 |
| 006 |
m o d |
| 007 |
cr nn 008mamaa |
| 008 |
200228s2020 sz | o |||| 0|eng d |
| 005 |
20230829020333.3 |
| 020 |
|
|
|a 9783030370817
|
| 024 |
7 |
|
|a 10.1007/978-3-030-37081-7
|2 doi
|
| 035 |
|
|
|a (DE-He213)978-3-030-37081-7
|
| 050 |
|
4 |
|a HB172.5
|
| 072 |
|
7 |
|a KCB
|2 bicssc
|
| 072 |
|
7 |
|a BUS039000
|2 bisacsh
|
| 072 |
|
7 |
|a KCB
|2 thema
|
| 072 |
|
7 |
|a KCBM
|2 thema
|
| 082 |
0 |
4 |
|a 339
|2 23
|
| 100 |
1 |
|
|a Kruschwitz, Lutz.
|e author.
|4 aut
|4 http://id.loc.gov/vocabulary/relators/aut
|
| 245 |
1 |
0 |
|a Stochastic Discounted Cash Flow :
|b A Theory of the Valuation of Firms /
|c by Lutz Kruschwitz, Andreas Löffler.
|
| 250 |
|
|
|a 1st ed. 2020.
|
| 264 |
|
1 |
|a Cham :
|b Springer International Publishing :
|b Imprint: Springer,
|c 2020.
|
| 300 |
|
|
|a 1 online resource (XXIII, 241 pages)
|
| 336 |
|
|
|a text
|b txt
|2 rdacontent
|
| 337 |
|
|
|a computer
|b c
|2 rdamedia
|
| 338 |
|
|
|a online resource
|b cr
|2 rdacarrier
|
| 347 |
|
|
|a text file
|b PDF
|2 rda
|
| 490 |
1 |
|
|a Springer Texts in Business and Economics,
|x 2192-4341
|
| 505 |
0 |
|
|a Introduction: A Stochastic Approach to Discounted Cash Flow -- Basic Elements: Cash Flow, Tax, Expectation, Cost of Capital, Value -- Corporate Income Tax: WACC, FTE, TCF, APV -- Personal Income Tax -- Corporate and Personal Income Tax -- Proofs -- Sketch of Solutions.
|
| 506 |
0 |
|
|a Open Access
|
| 520 |
|
|
|a This open access book discusses firm valuation, which is of interest to economists, particularly those working in finance. Firm valuation comes down to the calculation of the discounted cash flow, often only referred to by its abbreviation, DCF. There are, however, different coexistent versions, which seem to compete against each other, such as entity approaches and equity approaches. Acronyms are often used, such as APV (adjusted present value) or WACC (weighted average cost of capital), two concepts classified as entity approaches. This book explains why there are several procedures and whether they lead to the same result. It also examines the economic differences between the methods and indicates the various purposes they serve. Further it describes the limits of the procedures and the situations they are best applied to. The problems this book addresses are relevant to theoreticians and practitioners alike.
|
| 650 |
|
0 |
|a Macroeconomics.
|
| 650 |
|
0 |
|a Investment banking.
|
| 650 |
|
0 |
|a Securities.
|
| 650 |
|
0 |
|a Business mathematics.
|
| 650 |
1 |
4 |
|a Macroeconomics/Monetary Economics//Financial Economics.
|0 https://scigraph.springernature.com/ontologies/product-market-codes/W32000
|
| 650 |
2 |
4 |
|a Investments and Securities.
|0 https://scigraph.springernature.com/ontologies/product-market-codes/626020
|
| 650 |
2 |
4 |
|a Business Mathematics.
|0 https://scigraph.springernature.com/ontologies/product-market-codes/523000
|
| 655 |
|
7 |
|a Electronic books.
|2 local
|
| 700 |
1 |
|
|a Löffler, Andreas.
|e author.
|4 aut
|4 http://id.loc.gov/vocabulary/relators/aut
|
| 710 |
2 |
|
|a SpringerLink (Online service)
|
| 773 |
0 |
|
|t Springer Nature eBook
|
| 776 |
0 |
8 |
|i Printed edition:
|z 9783030370800
|
| 776 |
0 |
8 |
|i Printed edition:
|z 9783030370824
|
| 776 |
0 |
8 |
|i Printed edition:
|z 9783030370831
|
| 830 |
|
0 |
|a Springer Texts in Business and Economics,
|x 2192-4341
|
| 856 |
4 |
0 |
|u https://doi.org/10.1007/978-3-030-37081-7
|z Connect to the full text of this electronic book
|t 0
|
| 950 |
|
|
|a Economics and Finance (SpringerNature-41170)
|
| 950 |
|
|
|a Economics and Finance (R0) (SpringerNature-43720)
|
| 955 |
|
|
|a Springer OA ebooks
|
| 999 |
f |
f |
|s a4086754-fa8d-3db9-8fe0-1cfefd05b18e
|i f61e9702-18b1-3be2-96c1-e5c947e73a0a
|t 0
|
| 952 |
f |
f |
|a Texas A&M University
|b College Station
|c Electronic Resources
|d Available Online
|t 0
|e HB172.5
|h Library of Congress classification
|
| 998 |
f |
f |
|a HB172.5
|t 0
|l Available Online
|